Programa d'acció : Fons Social Europeu : objectiu 3 : entitats locals de la província de Barcelona : marc comunitari de suport 1994 - 1999 Fons Social Europeu :
Publicado:
Barcelona :
Diputació de Barcelona. Àrea de Govern, Presidència. Gabinet d'Integració Europea i Solidaritat, [1994?]
Descripción Física:
20 f. ; 29 cm
Materias:
Fons Social Europeu
; Política d'ocupació
; Mercat de treball
; Atur
; Plena ocupació
; Desenvolupament comunitari
MARC
| LEADER | 00000nam a2200000Ia 4500 | ||
|---|---|---|---|
| 001 | 22356 | ||
| 008 | 160829s9999 xx 000 0 cat d | ||
| 080 | |a FU-55-4 | ||
| 245 | |a Programa d'acció : |b Fons Social Europeu : |b objectiu 3 : |b entitats locals de la província de Barcelona : |b marc comunitari de suport 1994 - 1999 | ||
| 260 | |a Barcelona : |b Diputació de Barcelona. Àrea de Govern, Presidència. Gabinet d'Integració Europea i Solidaritat, [1994?] | ||
| 300 | |a 20 f. ; |c 29 cm | ||
| 650 | |a Fons Social Europeu | ||
| 650 | 0 | |a Política d'ocupació |9 7017 | |
| 650 | 0 | |a Mercat de treball |9 10488 | |
| 650 | |a Atur |9 42196 | ||
| 650 | |a Plena ocupació |9 42197 | ||
| 650 | |a Desenvolupament comunitari |9 42198 | ||
| 710 | 2 | |a Fons Social Europeu |9 7014 | |
| 710 | 1 | |a Barcelona (Catalunya : Província). |b Gabinet d'Integració Europea i Solidaritat |9 55940 | |
| 901 | |a Arxiu | ||
| 942 | |n 1 | ||
| 952 | |0 0 |1 0 |4 0 |6 FU554 |7 1 |9 50703 |a Arxiu |b Arxiu |d 2016-12-01 |l 0 |o FU-55-4 |p 22356 |r 2016-12-01 00:00:00 |w 2016-12-01 |y ARXIU | ||
| 999 | |c 54545 |d 54545 | ||